| 000 | 00562nam a2200193Ia 4500 | ||
|---|---|---|---|
| 003 | GCL | ||
| 008 | 140319s9999 xx 000 0 eng d | ||
| 040 |
_aGCL / _cGCL |
||
| 082 | 0 | 4 |
_a909.09822 _bF E |
| 100 | 1 | _aFREEMAN, CHARLES | |
| 245 | 1 | 0 |
_aEGYPT, GREECE AND ROME: CIVILIZATIONS OF THE ANCIENT MEDITERRANEAN / _cFREEMAN, CHARLES |
| 260 |
_a[S.N] : _bOXFORD UNIVERSITY PRESS ، _c1996 |
||
| 300 | _a638 P | ||
| 650 | 0 | 4 | _aMEDITERRANEAN REGION |
| 650 | 0 | 4 | _aHISTORY |
| 650 | 0 | 4 | _aWORLD HISTORY |
| 650 | 0 | 4 | _aMEDITERRANEAN - CIVILIZATION |
| 942 |
_2ddc _cBK |
||
| 999 |
_c14460 _d14460 |
||